Catherine O'Hara Filmography - Statistics

General Stats
  • This quiz has been taken 59 times
    19 since last reset
  • The average score is 27 of 154
Answer Stats
Type Year Name % Correct
Film 1990 Home Alone
93%
Film 1992 Home Alone 2: Lost in New York
86%
Film 1988 Beetlejuice
64%
TV Show 1988, 1991, 1992 Saturday Night Live
57%
Film 2024 Beetlejuice Beetlejuice
50%
TV Show 2015-2020 Schitt's Creek
50%
Film 2003 A Mighty Wind
43%
Film 2000 Best in Show
43%
Film 2012 Frankenweenie
43%
Film 2006 Monster House
43%
Film 1993 The Nightmare Before Christmas
43%
Theater 2015, 2018, 2023 The Nightmare Before Christmas
43%
Film 1985 After Hours
36%
Film 2005 Chicken Little
36%
Film 2006 Over the Hedge
36%
TV Show 2025 The Last of Us
36%
Film 2024 The Wild Robot
36%
Film 2023 Elemental
29%
Film 2006 For Your Consideration
29%
Film 1986 Heartburn
29%
Film 1998 Home Fries
29%
TV Show 1976-1979 SCTV
29%
Web Series 2025 The Studio
29%
Film 1996 Waiting for Guffman
29%
Film 2024 Argylle
21%
Film 2006 Barbie in the 12 Dancing Princesses
21%
Theme Park Attraction 2020 Canada: Far and Wide
21%
TV Show 2001 Committed
21%
TV Show 2009 Curb Your Enthusiasm
21%
TV Film 1986 Dave Thomas: The Incredible Time Travels of Henry Osgood
21%
Film 1990 Dick Tracy
21%
Film 2005 Game 6
21%
TV Film 1997 Hope
21%
Documentary 2025 John Candy: I Like Me
21%
TV Film 1999 Late Last Night
21%
Film 2004 Lemony Snicket's A Series of Unfortunate Events
21%
TV Show 2000 MADtv
21%
TV Show 2015 Modern Family
21%
Film 2002 Orange County
21%
Film 2023 Pain Hustlers
21%
Film 2006 Penelope
21%
TV Show 2003, 2005 Six Feet Under
21%
TV Show 1994 Tales from the Crypt
21%
Award Show 2004 The 76th Annual Academy Awards
21%
TV Show 1990 The Dave Thomas Comedy Show
21%
TV Show 1992 The Larry Sanders Show
21%
TV Film 1985 The Last Polka
21%
Film 1994 The Paper
21%
Film 1994 Wyatt Earp
21%
TV Show 2012 30 Rock
14%
Film 2011 A Monster in Paris
14%
TV Special 1989 Andrea Martin... Together Again
14%
Film 1994 A Simple Twist of Fate
14%
Film 2009 Away We Go
14%
Film 1999 Bartok the Magnificent
14%
Documentary 2015 Being Canadian
14%
Film 1990 Betsy's Wedding
14%
Documentary Series 1995 Biography
14%
TV Show 2002 Bram & Alice
14%
Film 2006 Brother Bear 2
14%
TV Special 1986, 1987, 2006 Comic Relief
14%
TV Show 1976-1977 Coming Up Rosie
14%
Film 1980 Double Negative
14%
TV Show 1990 Dream On
14%
TV Special 1980 Easter Fever
14%
Short Film 2000 Edwurd Fudwupper Fibbed Big
14%
Film 2021 Extinct
14%
TV Pilot 1980 From Cleveland
14%
TV Show 1985 George Burns Comedy Week
14%
TV Special 1989 I, Martin Short, Goes Hollywood
14%
TV Short 1979 Intergalactic Thanksgiving
14%
Film 1990 Little Vegas
14%
TV Show 1991 Morton & Hayes
14%
Film 1980 Nothing Personal
14%
TV Show 2003 Odd Job Jack
14%
TV Show 1999 Oh Baby
14%
Film 1997 Pippi Longstocking
14%
Short Film 1991 Rabbit Ears: Finn McCoul
14%
TV Film 1987 Really Weird Tales
14%
Film 1983 Rock & Rule
14%
TV Show 1983-1984 SCTV Channel
14%
TV Show 1981-1983 SCTV Network
14%
Documentary 2002 Searching for Debra Winger
14%
TV Show 2016-2018 Skylanders Academy
14%
Film 2001 Speaking of Sex
14%
TV Special 2005 Steve Martin: An American Cinematheque Tribute
14%
Film 2004 Surviving Christmas
14%
Film 1995 Tall Tale
14%
Documentary 1985 Tears Are Not Enough
14%
Film 2019 The Addams Family
14%
TV Show 1988 The Completely Mental Misadventures of Ed Grimley
14%
TV Show 1993 The Hidden Room
14%
Film 1996 The Last of the High Kings
14%
Film 1999 The Life Before This
14%
TV Special 2003 The Mark Twain Prize: Lily Tomlin
14%
TV Show 1984 The New Show
14%
TV Show 1997 The Outer Limits
14%
Film 1992 There Goes the Neighborhood
14%
TV Short 1976 The Rimshots
14%
TV Special 1988 The Second City Toronto 15th Anniversary
14%
TV Show 1980, 1981 The Steve Allen Comedy Hour
14%
TV Show 1988, 1990 The Tonight Show Starring Johnny Carson
14%
TV Show 1975 The Wayne & Shuster Show
14%
TV Show 1975 The Wayne & Shuster Comedy Special
14%
TV Show 1978 The Wayne & Shuster Superspecial
14%
TV Film 2004 The Wool Cap
14%
TV Show 1987 Trying Times
14%
Film 2014 When Marnie Was There
14%
TV Show 1998 Whose Line Is It Anyway?
14%
TV Special 1978 Witch's Night Out
14%
TV Mini-Series 1980 You've Come a Long Way, Katie
14%
Film 2013 A.C.O.D.
7%
TV Special 1997 AFI Life Achievement Award: A Tribute to Martin Scorsese
7%
TV Special 2004 AFI Life Achievement Award: A Tribute to Meryl Streep
7%
TV Special 2002 AFI Life Achievement Award: A Tribute to Tom Hanks
7%
TV Special TBA An Afternoon with SCTV
7%
TV Special 2021 An Audience with Adele
7%
Film 2021 Back Home Again
7%
TV Show 1978, 1979 Canada After Dark
7%
Short Documentary 2021 Catherine O'Hara: All of Us Shine
7%
TV Show 2005 Celebrity Poker Showdown
7%
Web Series 2022 Central Park
7%
Commercial 2021 Chase
7%
TV Show 2012 Face Off
7%
TV Show 2009-2011 Glenn Martin, DDS
7%
TV Film 2008 Good Behavior
7%
TV Show 2016 Harvey Beaks
7%
Film 2010 Killers
7%
TV Show 2012 Leslie
7%
Podcast 2019 Modern Love
7%
Commercial 2022 Nissan
7%
TV Special 2025 SNL50: The Anniversary Special
7%
TV Show 2016 Sofia the First
7%
Documentary 2013 Tales from the Warner Bros. Lot
7%
TV Film 2010 Temple Grandin
7%
TV Show 2013 The Greatest Event in Television History
7%
Documentary Series 2018 The History of Comedy
7%
Web Series 2020-2021 The Last Kids on Earth
7%
Web Series 2018 The Magic School Bus Rides Again
7%
Film 2013 The Right Kind of Wrong
7%
TV Film 2004 The Rutles 2: Can't Buy Me Lunch
7%
Film TBA The Shadow King
7%
TV Film 2013 To My Future Assistant
7%
TV Mini-Series 2015 What Lives Inside
7%
Film 2009 Where the Wild Things Are
7%
TV Show 2020 Who Wants to Be a Millionaire?
7%
Commercial 2020 Kohl's
0%
TV Show 2020 Last Week Tonight with John Oliver
0%
Web Series 2017, 2018 Lemony Snicket's A Series of Unfortunate Events
0%
Web Special 2025 SNL50: The Homecoming Concert
0%
Web Series 2022 The Kids in the Hall
0%
Short Film 2021 The Last Kids on Earth: Happy Apocalypse to You
0%
TV Show 2013 This Hour Has 22 Minutes
0%
Web Series 2012 WIGS
0%
No matching quizzes found
Score Distribution
Percent of People with Each Score
Percentile by Number Answered
Your Score History
You have not taken this quiz since the last reset